LDR 00636naa#a2200181#i#450# 001 EN\\bibl\120762 005 20260419061438.7 011 ## _a2687-0185 100 ## _a20260416b2026####ek#y0engy0150####ca 102 ## _aRU 200 1# _aTerrorist and extremist crimes as a threat to Russia's national security _eJournal article 210 1# _aMoscow _cMoscow University of the Ministry of Internal Affairs of Russia named after V.Ya. Kikot _d2026 215 ## _a6 с. 608 ## _aJournal article _2local 700 #1 _aHazov _gEvgeniy Nikolaevich 700 #1 _aVenidiktov _gMihail Igorevich 700 #1 _aVolosevich _gIgor' Nikolaevich 856 4# _amosumvd.editorum.ru _u